Schnelle Mathematik - Addition Level 20 - Statistiken

Allgemein
  • Dieses Quiz wurde 102 mal gespielt
    63 seit der letzten Aktualisierung
  • Das Durchschnittsergebnis liegt bei 32 aus 60
Antwortstatistiken
Frage Antwort % Korrekt
1+9 10
100%
4+6 10
100%
6+4 10
100%
9+1 10
100%
61+39 100
100%
4+7 11
100%
5+6 11
100%
7+4 11
100%
11+0 11
100%
32+83 115
100%
1+11 12
100%
2+10 12
100%
5+7 12
100%
6+6 12
100%
9+3 12
100%
11+1 12
100%
1+12 13
100%
2+11 13
100%
5+8 13
100%
97+33 130
100%
5+9 14
100%
7+7 14
100%
8+6 14
100%
12+2 14
100%
4+10 14
100%
87+54 141
100%
60+87 147
100%
6+9 15
100%
10+5 15
100%
11+4 15
100%
6+11 17
100%
8+10 18
100%
10+9 19
100%
1+1 2
100%
8+12 20
100%
10+11 21
100%
11+10 21
100%
10+12 22
100%
11+12 23
100%
10+18 28
100%
1+2 3
100%
21+10 31
100%
20+16 36
100%
26+10 36
100%
0+4 4
100%
4+0 4
100%
0+6 6
100%
2+4 6
100%
43+23 66
100%
3+4 7
100%
5+2 7
100%
6+1 7
100%
10+65 75
100%
68+10 78
100%
1+7 8
100%
5+3 8
100%
7+1 8
100%
8+0 8
100%
10+71 81
100%
10+72 82
100%
8+79 87
100%
1+8 9
100%
3+6 9
100%
4+5 9
100%
8+1 9
100%
13+77 90
100%
91+3 94
100%
22+76 98
100%
41+58 99
100%
97+2 99
100%
3+2 5
80%
1+6 7
80%
9+0 9
80%
2+9 11
75%
24+99 123
75%
7+6 13
75%
4+10 14
75%
9+5 14
75%
91+51 142
75%
9+6 15
75%
12+5 17
75%
7+11 18
75%
0+2 2
75%
2+0 2
75%
11+9 20
75%
12+10 22
75%
10+43 53
75%
32+45 77
75%
7+2 9
75%
0+1 1
67%
3+7 10
67%
9+2 11
67%
10+1 11
67%
0+12 12
67%
3+10 13
67%
10+3 13
67%
11+2 13
67%
12+1 13
67%
2+12 14
67%
71+92 163
67%
9+10 19
67%
10+10 20
67%
12+9 21
67%
2+1 3
67%
42+1 43
67%
23+20 43
67%
10+36 46
67%
5+0 5
67%
40+12 52
67%
32+22 54
67%
31+26 57
67%
7+60 67
67%
6+2 8
67%
45+44 89
67%
0+0 0
60%
1+0 1
60%
5+5 10
60%
94+20 114
60%
66+69 135
60%
54+94 148
60%
12+7 19
60%
12+8 20
60%
12+12 24
60%
0+3 3
60%
47+10 57
60%
28+41 69
60%
7+0 7
60%
9+4 13
57%
3+1 4
57%
35+69 104
50%
6+5 11
50%
8+3 11
50%
87+31 118
50%
3+9 12
50%
7+5 12
50%
8+4 12
50%
12+0 12
50%
2+10 12
50%
63+58 121
50%
62+60 122
50%
25+98 123
50%
83+61 144
50%
83+62 145
50%
86+61 147
50%
69+79 148
50%
73+76 149
50%
5+10 15
50%
82+74 156
50%
79+80 159
50%
5+11 16
50%
12+4 16
50%
95+73 168
50%
7+10 17
50%
8+9 17
50%
9+8 17
50%
11+6 17
50%
88+90 178
50%
6+12 18
50%
9+9 18
50%
10+8 18
50%
12+6 18
50%
84+98 182
50%
93+95 188
50%
7+12 19
50%
11+11 22
50%
10+21 31
50%
26+7 33
50%
19+14 33
50%
1+3 4
50%
18+27 45
50%
14+35 49
50%
0+5 5
50%
1+4 5
50%
2+3 5
50%
9+47 56
50%
4+2 6
50%
5+1 6
50%
6+0 6
50%
48+14 62
50%
50+24 74
50%
72+17 89
50%
0+9 9
50%
5+4 9
50%
10+4 14
43%
10+6 16
43%
6+3 9
43%
89+28 117
40%
11+5 16
40%
95+67 162
40%
11+7 18
40%
28+35 63
38%
10+0 10
33%
58+52 110
33%
4+8 12
33%
10+2 12
33%
4+9 13
33%
6+7 13
33%
92+38 130
33%
94+41 135
33%
3+11 14
33%
3+12 15
33%
4+11 15
33%
5+10 15
33%
7+8 15
33%
12+3 15
33%
99+51 150
33%
9+7 16
33%
75+91 166
33%
8+11 19
33%
11+8 19
33%
10+40 50
33%
0+7 7
33%
2+5 7
33%
21+55 76
33%
2+6 8
33%
78+18 96
33%
45+52 97
33%
46+74 120
25%
8+5 13
25%
66+73 139
25%
8+7 15
25%
7+9 16
25%
8+8 16
25%
10+7 17
25%
90+85 175
25%
10+10 20
25%
27+56 83
25%
67+35 102
20%
30+89 119
20%
7+78 85
20%
86+78 164
14%
0+10 10
0%
2+8 10
0%
7+3 10
0%
8+2 10
0%
18+86 104
0%
34+72 106
0%
10+97 107
0%
10+99 109
0%
0+11 11
0%
1+10 11
0%
3+8 11
0%
52+59 111
0%
38+73 111
0%
89+22 111
0%
66+46 112
0%
49+65 114
0%
81+37 118
0%
81+40 121
0%
55+66 121
0%
87+47 134
0%
6+8 14
0%
11+3 14
0%
45+95 140
0%
95+50 145
0%
76+70 146
0%
54+97 151
0%
89+66 155
0%
4+12 16
0%
6+10 16
0%
5+12 17
0%
93+79 172
0%
9+11 20
0%
9+12 21
0%
12+11 23
0%
3+0 3
0%
6+25 31
0%
16+22 38
0%
2+2 4
0%
33+10 43
0%
4+1 5
0%
30+20 50
0%
13+44 57
0%
1+5 6
0%
3+3 6
0%
50+10 60
0%
59+10 69
0%
4+3 7
0%
4+66 70
0%
10+64 74
0%
31+44 75
0%
74+3 77
0%
50+28 78
0%
0+8 8
0%
3+5 8
0%
4+4 8
0%
29+53 82
0%
2+7 9
0%
10+83 93
0%
37+59 96
0%
Keine übereinstimmenden Quizze gefunden
Verteilung der Resultate
Anzahl Personen mit jedem Resultat
Perzentil nach korrekt beantworteten Fragen
Ihre Resultats-Entwicklung
Sie haben dieses Quiz seit der letzten Aktualisierung nicht gespielt